Biblioteca

Human geography : (Registro nro. 64888)

Detalles MARC
000 -LÍDER
Campo fijo de descripción fija 01927cam a2200385 i 4500
001 - NÚMERO DE CONTROL
Campo de control 17449711
003 - IDENTIFICADOR DEL NÚMERO DE CONTROL
Campo de control CO-MdFUSB
005 - FECHA Y HORA DE LA ULTIMA TRANSACCIÓN
control field 20211016112905.0
008 - ELEMENTOS DE LONGITUD FIJA -- INFORMACIÓN GENERAL
Campo fijo de descripción fija -- Información general 120831t2013 us ab g 000 0 eng
010 ## - NÚMERO DE CONTROL DE LA BIBLIOTECA DEL CONGRESO
Número de control LC 2012035778
020 ## - NÚMERO INTERNACIONAL NORMALIZADO PARA LIBROS
Número Internacional Normalizado del libro 9780078021466
020 ## - NÚMERO INTERNACIONAL NORMALIZADO PARA LIBROS
Número Internacional Normalizado del libro 0078021464
040 ## - FUENTE DE CATALOGACIÓN
Agencia de catalogación original DLC
Agencia que realiza la transcripción CO-MdFUSB
Agencia que realiza la modificación DLC
Idioma de catalogación spa
Convenciones de la descripción rda
041 ## - CÓDIGO DE IDIOMA
Código de idioma para texto/pista de sonido o título separado eng
042 ## - AUTHENTICATION CODE
Authentication code pcc
082 00 - NÚMERO DE CLASIFICACIÓN DECIMAL DEWEY
Número de la edición del Dewey 24
Número de clasificación R 304.2
Clave de autor-Numero de item F319h
245 10 - TÍTULO
Título del Material Human geography :
Parte restante del título - Subtitulo landscapes of human activities /
Mención de responsabilidad, etc. Jerome D. Fellmann, Mark D. Bjelland, Daniel R. Montello, Arthur Getis, Judith Getis
250 ## - MENCIÓN DE EDICIÓN
Mención de edición Twelfth edition
264 #1 - PRODUCCIÓN, PUBLICACIÓN, DISTRIBUCIÓN, MANUFACTURA, Y COPYRIGHT
Lugar de producción, publicación, distribución, manufactura New York :
Nombre del productor, publicador, distribuidor McGraw Hill,
Fecha de producción, publicación, distribución, manufactura, o copyright [2012]
264 #4 - PRODUCCIÓN, PUBLICACIÓN, DISTRIBUCIÓN, MANUFACTURA, Y COPYRIGHT
Fecha de producción, publicación, distribución, manufactura, o copyright © 2013
300 ## - DESCRIPCIÓN FÍSICA
Extensión xix, 503 páginas :
Otros detalles físicos ilustraciones de color, mapas de color ;
Dimensiones 29 cm.
336 ## - TIPO DE CONTENIDO
Fuente rdacontent
Término de tipo de contenido texto
Código de tipo de contenido txt
337 ## - TIPO DE MEDIO
Fuente rdamedia
Nombre del tipo de medio sin mediación
Código del tipo de medio n
338 ## - TIPO DE SOPORTE
Fuente rdacarrier
Nombre del tipo de soporte volumen
Código Tipo de soporte nc
501 ## - NOTA DE “CON”
Nota de Contenido Incluye índice (páginas 492- 503)
505 ## - NOTA DE CONTENIDO
Nota de contenido con formato preestablecido Introducción: algunos fundamentos básicos -- Raíces y significado de la cultura -- Interacción espacial y comportamiento espacial -- Población: Pautas del mundo, tendencias regionales -- Lengua y religión: Mosaicos de la cultura -- Geografía étnica: Temas de diversidad -- Identidades culturales y paisajes culturales: Diversidad y uniformidad -- Geografía económica: Actividades principales -- Geografía económica: Fabricación y servicios -- Desarrollo económico y cambio -- Sistemas urbanos y estructuradores urbanos -- El ordenamiento político del espacio -- Impactos humanos en el medio ambiente
653 ## - TÉRMINO DE INDIZACIÓN - NO CONTROLADO
Término no controlado Geografía Humana
700 1# - ASIENTO SECUNDARIO - NOMBRE PERSONAL
Nombre personal Fellmann, Jerome Donald,
Fechas asociadas con el nombre 1926-
906 ## - LOCAL DATA ELEMENT F, LDF (RLIN)
a 7
b cbc
c orignew
d 1
e ecip
f 20
g y-gencatlg
942 ## - TIPO DE MATERIAL (KOHA)
Tipo de Item KOHA Libros de Referencia
945 ## - INFORMACIÓN LOCAL DEL REGISTRO
Catalogador Estudiante
Existencias
Estado de Material Estado de Perdido Forma de Clasificación Estado de Dañado No para Préstamo Colección Biblioteca de Origen Biblioteca Permanente Fecha de Adquisición Total de Préstamos Signatura Topográfica Código de Barras Última vez visto Última vez Préstado Ejemplar/Existencia Fecha de Remplazo Tipo de Material
    Dewey Decimal Classification     Colección TID Biblioteca FUSBC Biblioteca FUSBC 12/03/2019 1 R 304.2 F319h 10188 12/12/2019 21/03/2019 Ej. 1 12/03/2019 Libros de Referencia

Biblioteca FUSBC | Teléfono: (57+4) 349 88 10 Ext. 141| WhatsApp (+57) 3005338115 
E-mail: biblioteca@unisbc.edu.co | Calle 76 87-14 Robledo Palenque, Medellín, Colombia

Con tecnología Koha